• 首页
  • 本馆介绍
  • 公告通知
  • 最新文献
  • 馆藏检索
  • 电子资源
  • 读者导购
  • 参考咨询
  • 我的图书馆
  • 登录
  • 详细信息显示
  • 放入我的书架
  • 预约/预借图书
  • 作者相关作品
  • 分类相关作品
  • 丛书相关作品
  • 出版社相关作品

书目信息

  • 表格格式
  • 工作单格式
  • 卡片格式
题名:
清东陵与西陵
    
 
作者: 俞进化 著
分册:  
出版信息: 北京   北京出版社  1981
页数: 100页
开本: 19cm
丛书名: 北京史地丛书
单 册:
中图分类: K928.76 , K24
科图分类:
主题词: 陵墓--中国--史料 , 中国--历史
电子资源:
ISBN:
000 00678oam2 2200265 450
001 1556745572
005 20150119154644.54
010    @dCNY0.33
091    @a11071.136
100    @a19960813d1981 em y0chiy0110 ea
101 0  @achi
102    @aCN@b110000
105    @af z 000yy
200 1  @a清东陵与西陵@9qing dong ling yu xi ling@f俞进化著
210    @a北京@c北京出版社@d1981
215    @a100页@c照片@d19cm
225 2  @a北京史地丛书
461  0 @12001 @a北京史地丛书
606 0  @a陵墓@y中国@x史料
606 0  @a中国@x历史
690    @aK928.76@v5
690    @aK24@v4
701  0 @a俞进化@9yu jin hua@4著
801  0 @aCN@bTSSF@c20150119
905    @aZUCC@dK24@eJY1
    
    清东陵与西陵/俞进化著.-北京:北京出版社,1981
    100页:照片;19cm.-(北京史地丛书)
    
    
    ISBN :CNY0.33
    
●
相关链接 在E读中查询图书 在五车中查询图书 在当当中查询图书 在豆瓣中查询图书


正题名:清东陵与西陵     索取号:K24/JY1         预约/预借

序号 登录号 条形码 馆藏地/架位号 状态 备注
1 7847769   278477694   学院路分馆/ [索取号:K24/JY1] 在馆    
2 7847770   278477701   学院路分馆/ [索取号:K24/JY1] 在馆    
3 7847771   278477710   学院路分馆/ [索取号:K24/JY1] 在馆    
唐山师范学院图书馆 欢迎您!
大连网信软件有限公司© 版权所有